[Event "Nuremberg-ch op 05th"]
[Site "Nuremberg"]
[Date "2005.05.08"]
[Round "5"]
[White "Goetz, Dieter"]
[Black "Jung, Udo"]
[Result "1-0"]
[WhiteElo "1857"]
[BlackElo "1674"]
[PlyCount "71"]
[EventDate "2005.05.06"]
[EventType "swiss"]
[EventRounds "5"]
[EventCountry "GER"]
[SourceTitle "EXT 2007"]
[Source "ChessBase"]
[SourceDate "2006.11.23"]
[SourceVersion "1"]
[SourceVersionDate "2006.11.23"]
[SourceQuality "1"]

1. c4 Nf6 2. Nc3 e6 3. e4 d6 4. g3 c5 5. Bg2 Nc6 6. Nge2 Be7 7. 0-0 0-0 8. d3 a6 9. h3 Qc7 10. Be3 Bd7 11. f4 Rad8 12. g4 g6 13. Ng3 Ne8 14. f5 d5 15. Bf4 Bd6 16. Bxd6 Qxd6 17. fxe6 fxe6 18. Rxf8+ Kxf8 19. Qf3+ Kg8 20. exd5 Nd4 21. Qf2 exd5 22. Nxd5 Qxg3 23. Qxg3 Ne2+ 24. Kf2 Nxg3 25. Kxg3 Kg7 26. Re1 Nd6 27. Re7+ Nf7 28. Nb6 Bc6 29. Bd5 Bxd5 30. Nxd5 b5 31. Rc7 bxc4 32. dxc4 Rb8 33. b3 a5 34. Rxc5 a4 35. b4 Nd6 36. Rc7+ 1-0

[Event "Nuremberg-ch op 05th"]
[Site "Nuremberg"]
[Date "2005.05.08"]
[Round "4"]
[White "Jung, Udo"]
[Black "Grasser, Martin"]
[Result "1/2-1/2"]
[WhiteElo "1674"]
[BlackElo "1869"]
[PlyCount "104"]
[EventDate "2005.05.06"]
[EventType "swiss"]
[EventRounds "5"]
[EventCountry "GER"]
[SourceTitle "EXT 2007"]
[Source "ChessBase"]
[SourceDate "2006.11.23"]
[SourceVersion "1"]
[SourceVersionDate "2006.11.23"]
[SourceQuality "1"]

1. d4 d5 2. c4 e6 3. Nc3 Nf6 4. cxd5 exd5 5. Bg5 Nbd7 6. e3 Be7 7. Bd3 0-0 8. Qc2 c6 9. Nge2 Re8 10. 0-0 Nf8 11. Rae1 Bd6 12. Kh1 Ng6 13. f3 Be7 14. Ng3 Be6 15. Qf2 h6 16. Bxf6 Bxf6 17. b4 a6 18. a3 Qd6 19. Nf5 Qd7 20. Qc2 Ne7 21. g4 Rad8 22. Ne2 Bxf5 23. gxf5 Nc8 24. Ng3 Bh4 25. Qg2 Bxg3 26. Qxg3 f6 27. Rg1 Kf8 28. Qg6 Qf7 29. Qg3 Rd7 30. Re2 Ree7 31. Qf4 Nd6 32. a4 Qh5 33. Rg4 Nf7 34. b5 axb5 35. axb5 Ng5 36. bxc6 bxc6 37. Rb2 Nh3 38. Qg3 Rxe3 39. Rb8+ Re8 40. Rxe8+ Kxe8 41. Rh4 Qg5 42. Qxh3 Re7 43. Rg4 Re1+ 44. Bf1 Qc1 45. Rg1 Qd1 46. Qg2 Re7 47. Qg6+ Kd7 48. Qg3 Qxd4 49. Qb8 Qe3 50. Qb7+ Kd6 51. Qb8+ Kd7 52. Bg2 Qf2 1/2-1/2

[Event "Mittelfranken-ch QT 53rd"]
[Site "Lauf"]
[Date "2004.04.09"]
[Round "6"]
[White "Jung, Udo"]
[Black "Zwingel, Stephan"]
[Result "0-1"]
[WhiteElo "1623"]
[BlackElo "1889"]
[PlyCount "36"]
[EventDate "2004.04.07"]
[EventType "swiss"]
[EventRounds "7"]
[EventCountry "GER"]
[SourceTitle "EXT 2015"]
[Source "ChessBase"]
[SourceDate "2014.11.20"]
[SourceVersion "1"]
[SourceVersionDate "2014.11.20"]
[SourceQuality "1"]

1. e4 c6 2. d4 d5 3. Nd2 dxe4 4. Nxe4 Nf6 5. Ng3 c5 6. Nf3 e6 7. c3 Nc6 8. h3 cxd4 9. cxd4 Qb6 10. a3 Bd7 11. b4 a6 12. Be3 Nd5 13. Bd3 Qc7 14. Qd2 Ncxb4 15. 0-0 Nxd3 16. Qxd3 Bb5 17. Rfc1 Bxd3 18. Rxc7 Nxc7 0-1

[Event "Mittelfranken-ch QT 53rd"]
[Site "Lauf"]
[Date "2004.04.08"]
[Round "3"]
[White "Schloetterer, Hermann"]
[Black "Jung, Udo"]
[Result "1-0"]
[WhiteElo "1756"]
[BlackElo "1623"]
[PlyCount "81"]
[EventDate "2004.04.07"]
[EventType "swiss"]
[EventRounds "7"]
[EventCountry "GER"]
[SourceTitle "EXT 2015"]
[Source "ChessBase"]
[SourceDate "2014.11.20"]
[SourceVersion "1"]
[SourceVersionDate "2014.11.20"]
[SourceQuality "1"]

1. d4 Nf6 2. g3 e6 3. Bg2 c5 4. Nf3 Nc6 5. 0-0 d5 6. c4 Be7 7. cxd5 Nxd5 8. dxc5 Bxc5 9. Qc2 Qb6 10. a3 Nd4 11. Nxd4 Bxd4 12. e4 Nf6 13. h3 e5 14. Nc3 Be6 15. Bg5 Bb3 16. Qd3 Rc8 17. Bxf6 Qxf6 18. Qb5+ Rc6 19. Qxb3 0-0 20. Nd5 Qe6 21. Qxb7 Rc2 22. Rab1 Kh8 23. Ne3 Rxf2 24. Rxf2 Bxe3 25. Qb5 Rc8 26. Qe2 Bd4 27. Kh2 Bxf2 28. Qxf2 Qb3 29. Re1 h5 30. Qf5 Rc2 31. Qxh5+ Kg8 32. Re2 Rc1 33. h4 Qd1 34. Qf3 f6 35. Rf2 Qg1+ 36. Kh3 g5 37. hxg5 Rc7 38. g6 Kg7 39. Qxf6+ Kh6 40. Qh4+ Kg7 41. Qh7# 1-0

[Event "Mittelfranken Mitte-ch 0304"]
[Site "Zirndorf"]
[Date "2004.??.??"]
[Round "1"]
[White "Suess, Helmut"]
[Black "Jung, Udo"]
[Result "1-0"]
[WhiteElo "1914"]
[BlackElo "1608"]
[PlyCount "83"]
[EventDate "2004.01.02"]
[EventType "swiss"]
[EventRounds "7"]
[EventCountry "GER"]
[SourceTitle "EXT 2015"]
[Source "ChessBase"]
[SourceDate "2014.11.20"]
[SourceVersion "1"]
[SourceVersionDate "2014.11.20"]
[SourceQuality "1"]

1. d4 d5 2. c4 e6 3. Nc3 Nf6 4. Bg5 Be7 5. e3 Nbd7 6. Nf3 0-0 7. Rc1 Re8 8. Qc2 c6 9. Bd3 dxc4 10. Bxc4 h6 11. Bh4 Nd5 12. Bxe7 Qxe7 13. 0-0 N5b6 14. Bd3 e5 15. Bh7+ Kh8 16. Bf5 g6 17. Bxd7 Nxd7 18. d5 e4 19. Nd2 f5 20. dxc6 bxc6 21. Qa4 Ne5 22. Ne2 Bd7 23. Qd4 Kh7 24. Nf4 Reb8 25. Nc4 Nxc4 26. Rxc4 Rb5 27. Rd1 Be8 28. Qc3 Rd8 29. Rxd8 Qxd8 30. Rd4 Qe7 31. Qd2 g5 32. Ne2 Qe5 33. Nc3 Ra5 34. b4 Ra3 35. Qb2 c5 36. Qxa3 cxd4 37. Qxa7+ Kg6 38. Qxd4 Qc7 39. h3 Bf7 40. b5 Bc4 41. b6 Qc6 42. b7 1-0